000 00310nam a22001337a 4500
008 180919b xxu||||| |||| 00| 0 eng d
020 _a9781455739080
041 _aeng
080 _a616.053
100 _a8
101 _aPED
245 _aPediatric Clinics Of North America
_cPatel.D.R
942 _2udc
_cBK
999 _c48023
_d48023